| 000 | 00798nam a2200205 a 4500 | ||
|---|---|---|---|
| 008 | 071030s2001 ||||||||||||||||| || u | ||
| 020 | _a0821348361 | ||
| 050 | _aHN 150.Z9 Mos | ||
| 100 | _aMoser, Caroline | ||
| 245 | 1 | 0 | _aViolence in a post-conflict context: urban poor perceptions from Guatemala |
| 260 |
_aWashington, D. C. _bWorld Bank _c2001 |
||
| 300 | _axi, 163p. :ill. | ||
| 350 | _a0.00 | ||
| 650 | _aURBAN POOR--GUATEMALA--ATTITUDES | ||
| 650 | _aVIOLENCE--POST-CONFLICT CONTEXT | ||
| 650 | _aMARGINALITY, SOCIAL--GUATEMALA | ||
| 650 | _aVIOLENCE--GUATEMALA--PUBLIC OPINION | ||
| 700 | _aMcIlwaine, Cathy | ||
| 995 |
_D0.00 _FCBU-MAIN LIBRARY (Kitwe) _H1 _I0.00 _M1 _UAVAILABLE _WOct 30, 2007 _ZMain Library Open Access Collection |
||
| 999 |
_c61319 _d61319 |
||